<?xml version="1.0" encoding="UTF-8"?>
<record
    xmlns:xsi="http://www.w3.org/2001/XMLSchema-instance"
    xsi:schemaLocation="http://www.loc.gov/MARC21/slim http://www.loc.gov/standards/marcxml/schema/MARC21slim.xsd"
    xmlns="http://www.loc.gov/MARC21/slim">

  <leader>05665nam a2200409 a 4500</leader>
  <controlfield tag="003">CHAP</controlfield>
  <controlfield tag="005">20250707175007.0</controlfield>
  <controlfield tag="007">ta</controlfield>
  <controlfield tag="008">250611s2024    mx ado|fsm||| 001 0 spa d</controlfield>
  <datafield tag="040" ind1=" " ind2=" ">
    <subfield code="e">rda</subfield>
  </datafield>
  <datafield tag="041" ind1=" " ind2=" ">
    <subfield code="a">spa</subfield>
    <subfield code="b">eng</subfield>
  </datafield>
  <datafield tag="100" ind1="1" ind2=" ">
    <subfield code="a">Herrero Galindo, Adriana</subfield>
    <subfield code="9">135843</subfield>
  </datafield>
  <datafield tag="240" ind1="1" ind2="0">
    <subfield code="a">Huauzontle protein modification: effect on techno-functional and structural properties and soluble complexes.</subfield>
    <subfield code="l">Espa&#xF1;ol</subfield>
  </datafield>
  <datafield tag="245" ind1="1" ind2="0">
    <subfield code="a">Modificaci&#xF3;n de prote&#xED;na de huauzontle : </subfield>
    <subfield code="b">efecto en propiedades tecno-funcionales, estructurales y en complejos solubles /</subfield>
    <subfield code="c">Adriana Herrero Galindo</subfield>
  </datafield>
  <datafield tag="264" ind1=" " ind2=" ">
    <subfield code="a">Chapingo, M&#xE9;xico :</subfield>
    <subfield code="b">El autor,</subfield>
    <subfield code="c">2024</subfield>
  </datafield>
  <datafield tag="300" ind1=" " ind2=" ">
    <subfield code="a">1 recurso en l&#xED;nea (x, 93 p&#xE1;ginas) :</subfield>
    <subfield code="b">ilustraciones, gr&#xE1;ficas, fotos</subfield>
  </datafield>
  <datafield tag="336" ind1=" " ind2=" ">
    <subfield code="2">rdacontent</subfield>
    <subfield code="a">texto</subfield>
    <subfield code="b">txt</subfield>
  </datafield>
  <datafield tag="337" ind1=" " ind2=" ">
    <subfield code="2">rdamedia</subfield>
    <subfield code="a">computadora</subfield>
    <subfield code="b">c</subfield>
  </datafield>
  <datafield tag="338" ind1=" " ind2=" ">
    <subfield code="2">rdacarrier</subfield>
    <subfield code="a">recurso en l&#xED;nea</subfield>
    <subfield code="b">cr</subfield>
  </datafield>
  <datafield tag="502" ind1=" " ind2=" ">
    <subfield code="a">Tesis</subfield>
    <subfield code="b">DCA</subfield>
    <subfield code="c">Agroindustrias</subfield>
    <subfield code="d">2024</subfield>
    <subfield code="g">DOC</subfield>
  </datafield>
  <datafield tag="504" ind1=" " ind2=" ">
    <subfield code="a">Incluye bibliograf&#xED;as</subfield>
  </datafield>
  <datafield tag="520" ind1="3" ind2=" ">
    <subfield code="a">La prote&#xED;na de huauzontle (Chenopodium nuttalliae Saff.) se someti&#xF3; a pH alcalino, ultrasonido o calentamiento para determinar el efecto sobre las propiedades funcionales y estructurales. Adicionalmente, se estudi&#xF3; la formaci&#xF3;n de complejos solubles (CS) con almid&#xF3;n (S) modificado con Anhidrido Octenil Succ&#xED;nico (OSA) y se realiz&#xF3; su caracterizaci&#xF3;n. Para determinar el pH y la relaci&#xF3;n para la formaci&#xF3;n de SC se realizaron curvas de turbidez para cada tratamiento a diferentes relaciones (1:0.50, 1:0.25, 1:1, 1:2, 1:4), en un rango de pH de 2 a 6. La relaci&#xF3;n a la que se formaron los CS entre la prote&#xED;na de huauzontle y el almid&#xF3;n modificado en cada tratamiento fue de 1:1 prote&#xED;na nativa (Pnativa-S); 1:2 para las modificadas (sonicada (PUS-S); calentada (Pcalor-S); PpH11-S). La turbidez de los complejos se mantuvo estable despu&#xE9;s de 24 h de almacenamiento a pH por encima del punto isoel&#xE9;ctrico de la prote&#xED;na (4.3), lo que indic&#xF3; la formaci&#xF3;n de complejos solubles. El pH &#xF3;ptimo para la formaci&#xF3;n de complejos fue alrededor de 5. La espectroscopia infrarroja por transformada de Fourier (FT-IR) mostr&#xF3; picos caracter&#xED;sticos de la prote&#xED;na (amida l, II y III), en la prote&#xED;na nativa, modificada y en los complejos solubles, picos que desaparecieron o disminuyeron de tama&#xF1;o, demostrando los cambios estructurales en la prote&#xED;na y en complejos prote&#xED;na-polisac&#xE1;rido. Las micrograf&#xED;as revelaron estructuras diferentes en forma y tama&#xF1;o en la prote&#xED;na nativa y modificada, mientras que en los complejos solubles se observ&#xF3; una aglomeraci&#xF3;n prote&#xED;na-almid&#xF3;n. En cuanto a las propiedades tecno-funcionales de la prote&#xED;na se encontraron cambios significativos. De acuerdo con los resultados obtenidos es posible la aplicaci&#xF3;n de la prote&#xED;na de huauzontle en alimentos que busquen mejorar las propiedades nutricionales y estructurales. Los m&#xE9;todos de modificaci&#xF3;n estructural de prote&#xED;nas, empleados en este trabajo de investigaci&#xF3;n nos permiten evaluar diferentes enfoques del uso de la prote&#xED;na de huauzontle. --</subfield>
  </datafield>
  <datafield tag="520" ind1="3" ind2=" ">
    <subfield code="a">The huauzontle protein was subjected to alkaline pH, ultrasound, or heating to determine the effect on the functional and structural properties. Additionally, the formation of soluble complexes (SC) with starch (S) modified with Octenyl Succinic Anhydride (OSA) was studied and characterized. To determine the pH and ratio for SC formation, turbidity curves were performed for each treatment at different ratios (1:0.50, 1:0.25, 1:1, 1:1, 1:2, 1:4), in a pH range from 2 to 6. The ratio at which the SCS were formed between huauzontle protein and modified starch in each treatment was 1:1 for native protein (Pnative-S); 1:2 for modified (sonicated (PUS-S); heated (Pheat-S); PpH11-S). The turbidity of the complexes was stable after 24 h of storage at pH above the isoelectric point of the protein (4.3), indicating the formation of soluble complexes. The optimum pH for complex formation was around 5. Fourier transform infrared spectroscopy (FT-IR) showed characteristic peaks of the protein (amide I, II and III), in the native, modified protein and in the soluble complexes, peaks that disappeared or decreased in size, demonstrating structural changes in the protein and protein-polysaccharide complexes. Micrographs revealed different structures in shape and size in the native and modified protein, while protein-starch agglomeration was observed in the soluble complexes. As for the techno-functional properties of the protein, significant changes were found. According to the results, the huauzontle protein application in foods that seek to improve their nutritional and structural properties is possible. The protein structural modification methods used in this research work allow us to evaluate different approaches to the use of huauzontle protein.</subfield>
  </datafield>
  <datafield tag="650" ind1="1" ind2="3">
    <subfield code="a">Chenopodium</subfield>
    <subfield code="2">atg</subfield>
    <subfield code="9">22145</subfield>
    <subfield code="x">Prote&#xED;nas de las plantas</subfield>
  </datafield>
  <datafield tag="650" ind1="1" ind2="3">
    <subfield code="a">Chenopodium</subfield>
    <subfield code="2">atg</subfield>
    <subfield code="9">22145</subfield>
    <subfield code="x">Valor nutritivo</subfield>
  </datafield>
  <datafield tag="650" ind1="1" ind2="3">
    <subfield code="a">Prote&#xED;nas</subfield>
    <subfield code="x">Propiedades funcionales  </subfield>
    <subfield code="2">atg</subfield>
    <subfield code="9">151792</subfield>
  </datafield>
  <datafield tag="650" ind1="1" ind2="3">
    <subfield code="a">Prote&#xED;nas</subfield>
    <subfield code="2">atg</subfield>
    <subfield code="x">Interacciones electrost&#xE1;ticas</subfield>
    <subfield code="9">92446</subfield>
  </datafield>
  <datafield tag="650" ind1="1" ind2="3">
    <subfield code="a">Chenopodium</subfield>
    <subfield code="2">atg</subfield>
    <subfield code="9">22145</subfield>
    <subfield code="x">Plant proteins</subfield>
  </datafield>
  <datafield tag="650" ind1="1" ind2="3">
    <subfield code="a">Chenopodium</subfield>
    <subfield code="2">atg</subfield>
    <subfield code="9">22145</subfield>
    <subfield code="x">Nutritive value</subfield>
  </datafield>
  <datafield tag="650" ind1="1" ind2="3">
    <subfield code="a">Proteins</subfield>
    <subfield code="x">Functional properties</subfield>
    <subfield code="2">atg</subfield>
    <subfield code="9">151793</subfield>
  </datafield>
  <datafield tag="650" ind1="1" ind2="3">
    <subfield code="a">Proteins  </subfield>
    <subfield code="x">Electrostatic interactions</subfield>
    <subfield code="2">atg</subfield>
    <subfield code="9">148398</subfield>
  </datafield>
  <datafield tag="700" ind1="1" ind2=" ">
    <subfield code="a">Lobato Calleros, Consuelo Silvia Olivia</subfield>
    <subfield code="9">151494</subfield>
    <subfield code="e">directora</subfield>
  </datafield>
  <datafield tag="700" ind1="1" ind2=" ">
    <subfield code="a">Vernon Carter, Eduardo Jaime</subfield>
    <subfield code="9">159641</subfield>
    <subfield code="e">asesor</subfield>
  </datafield>
  <datafield tag="700" ind1="1" ind2=" ">
    <subfield code="a">Hern&#xE1;ndez Rodr&#xED;guez, Blanca Elizabeth</subfield>
    <subfield code="9">161439</subfield>
    <subfield code="e">asesora</subfield>
  </datafield>
  <datafield tag="856" ind1="4" ind2="0">
    <subfield code="u">http://10.13.5.2/tesis/td/1913219-5_HERRERO_GALINDO_ADRIANA.pdf</subfield>
    <subfield code="y">DESCARGAR PDF</subfield>
  </datafield>
  <datafield tag="942" ind1=" " ind2=" ">
    <subfield code="2">Clasificaci&#xF3;n Universidad Aut&#xF3;noma Chapingo</subfield>
    <subfield code="c">TD</subfield>
  </datafield>
  <datafield tag="999" ind1=" " ind2=" ">
    <subfield code="c">220590</subfield>
    <subfield code="d">220590</subfield>
  </datafield>
  <datafield tag="952" ind1=" " ind2=" ">
    <subfield code="0">0</subfield>
    <subfield code="1">0</subfield>
    <subfield code="2">local</subfield>
    <subfield code="4">0</subfield>
    <subfield code="7">0</subfield>
    <subfield code="8">TesdigD</subfield>
    <subfield code="a">IA_</subfield>
    <subfield code="b">IA_</subfield>
    <subfield code="c">E_L</subfield>
    <subfield code="d">2025-06-11</subfield>
    <subfield code="e">El autor</subfield>
    <subfield code="l">0</subfield>
    <subfield code="p">1201015542</subfield>
    <subfield code="r">2025-06-11 14:23:45</subfield>
    <subfield code="w">2025-06-11</subfield>
    <subfield code="y">TD</subfield>
  </datafield>
</record>
